Movies Quiz

Random Movies or Clickable Quiz

Pick the Matt Damon Movie Quiz Stats

 Plays Quiz Updated Mar 10, 2020

Support Sporcle.
Go Orange.
Score 0/16 Timer 03:00
29 Plays Today
Question Answer Wrong Answers
Which one of these films stars Matt Damon? Good Will Hunting
97.2%
Time Out
0.5%
Scream
0.3%
Ghost
0.4%
Which one of these films stars Matt Damon? The Bourne Identity
97.1%
Spy Kids
0.3%
Dangerous Liaisons
0.4%
Romeo and Juliet
0.6%
Which one of these films stars Matt Damon? Jason Bourne
95.2%
Two Weeks Notice
1.5%
Paparazzi
1.3%
Tootsie
0.3%
Which one of these films stars Matt Damon? The Martian
94.5%
The Adventures of Robin Hood
0.9%
Charlie and the Chocolate Factory
0.3%
Lions for Lambs
2.7%
Which one of these films stars Matt Damon? Ocean's Eleven
93.3%
Black Mass
1.9%
JFK
1.5%
Ronin
1.6%
Which one of these films stars Matt Damon? Saving Private Ryan
93.2%
The Shawshank Redemption
1.6%
No Country for Old Men
2.1%
The Cable Guy
1.5%
Which one of these films stars Matt Damon? The Departed
91.1%
To Rome with Love
2%
Midnight in Paris
2.7%
Apocalypse Now
2.5%
Which one of these films stars Matt Damon? Elysium
90.6%
Jingle All the Way
2%
Godzilla
2.2%
Guardians of the Galaxy
3.5%
Which one of these films stars Matt Damon? The Talented Mr. Ripley
89.9%
Back to the Future Part II
0.4%
Angels and Demons
4.2%
City of God
3.7%
Which one of these films stars Matt Damon? We Bought a Zoo
89%
The Princess Bride
1.9%
Mad Max: Fury Road
3.2%
21 Jump Street
4.3%
Which one of these films stars Matt Damon? The Adjustment Bureau
84.5%
Romeo Must Die
5.6%
The Thing
2.3%
W.
6%
Which one of these films stars Matt Damon? Green Zone
73.1%
8 Mile
3.7%
Pulse
15.3%
Sense and Sensibility
6.2%
Which one of these films stars Matt Damon? Rounders
71.9%
Being John Malkovich
10.2%
Dog Day Afternoon
9.1%
Chappie
7.1%
Which one of these films stars Matt Damon? Interstellar
69.5%
Fun with Dick and Jane
7.1%
Multiplicity
15.7%
Rapa Nui
6.1%
Which one of these films stars Matt Damon? The Great Wall
64.3%
Jack Ryan: Shadow Recruit
17.3%
Frequency
8.7%
For Love of the Game
8.2%
Which one of these films stars Matt Damon? True Grit
55.8%
The Green Hornet
7.9%
Dinner for Schmucks
11.2%
The Cold Light of Day
23.5%

From the Vault

7-Letter Animals by Image

by RobPro

Science 4m
This quiz is for real animals only--our apologies to the unicorn community.
Remove Ads.
Support Sporcle.
Get the best of Sporcle when you Go Orange. This ad-free experience offers more features, more stats, and more fun while also helping to support Sporcle. Thank you for becoming a member.

Show Comments

Extras

Top Quizzes Today


Score Distribution

Your Account Isn't Verified!

In order to create a playlist on Sporcle, you need to verify the email address you used during registration. Go to your Sporcle Settings to finish the process.

Report this User

Report this user for behavior that violates our Community Guidelines.

Details: